[Event "ESP Autonomico-chT"]
[Site "Spain"]
[Date "2006.03.25"]
[Round "8.63"]
[White "Gimeno, Alberto"]
[Black "Velamazan Gomez, Angel"]
[Result "0-1"]
[WhiteElo "1937"]
[BlackElo "2006"]
[PlyCount "70"]
[EventDate "2006.02.04"]
[EventType "team"]
[EventRounds "9"]
[EventCountry "ESP"]
[SourceTitle "EXT 2007"]
[Source "ChessBase"]
[SourceDate "2006.11.23"]
[SourceVersion "1"]
[SourceVersionDate "2006.11.23"]
[SourceQuality "1"]

1. d4 c5 2. Nf3 d6 3. g3 Nf6 4. Bg2 cxd4 5. Nxd4 e5 6. Nb5 Be7 7. c4 0-0 8. 0-0 Nc6 9. Bg5 a6 10. Bxf6 gxf6 11. N5c3 Be6 12. Nd5 Bxd5 13. Qxd5 Rb8 14. Nc3 Qc8 15. Rac1 Qe6 16. Rfd1 Rfd8 17. a3 f5 18. b4 Bg5 19. e3 Qg6 20. Qd2 e4 21. h4 Bf6 22. Nd5 Kf8 23. Qe2 Ne5 24. Nf4 Qg4 25. Qxg4 Nxg4 26. Rd5 Be5 27. Rcd1 Ke7 28. c5 Bxf4 29. exf4 dxc5 30. bxc5 Rxd5 31. Rxd5 Rd8 32. Rxf5 Rd1+ 33. Bf1 e3 34. fxe3 Rxf1+ 35. Kxf1 Nxe3+ 0-1

[Event "ESP Autonomico-chT"]
[Site "Spain"]
[Date "2006.03.18"]
[Round "7.63"]
[White "Fernandez Urrutia Gallo, Carlos"]
[Black "Gimeno, Alberto"]
[Result "1-0"]
[WhiteElo "2074"]
[BlackElo "1937"]
[PlyCount "107"]
[EventDate "2006.02.04"]
[EventType "team"]
[EventRounds "9"]
[EventCountry "ESP"]
[SourceTitle "EXT 2007"]
[Source "ChessBase"]
[SourceDate "2006.11.23"]
[SourceVersion "1"]
[SourceVersionDate "2006.11.23"]
[SourceQuality "1"]

1. d4 Nf6 2. c4 e6 3. Nc3 Bb4 4. Qc2 c5 5. dxc5 Nc6 6. Nf3 Qa5 7. Bd2 Qxc5 8. e3 d5 9. a3 Qa5 10. Rd1 Bxc3 11. Bxc3 Qd8 12. cxd5 exd5 13. Bxf6 Qxf6 14. Rxd5 Be6 15. Rc5 0-0 16. Bd3 g6 17. Qc3 Qe7 18. 0-0 Rac8 19. Rc1 Bg4 20. Be2 Qd7 21. h3 Bf5 22. Bb5 Be4 23. Nd4 Qd6 24. Bxc6 bxc6 25. Nxc6 Rc7 26. Nd4 Rb7 27. b4 Rd8 28. Rc8 Rb8 29. Rxb8 Rxb8 30. Qc7 Rd8 31. Qxd6 Rxd6 32. Rc7 Ra6 33. f3 Bb1 34. Rc1 Ba2 35. Rc3 f5 36. Nb5 Bd5 37. Rc8+ Kf7 38. Rc7+ Kg8 39. Rxa7 Rb6 40. Nd4 f4 41. e4 Bc4 42. Rc7 Bf7 43. Rc6 Rb7 44. b5 Be8 45. Rc5 Ra7 46. b6 Rb7 47. Rc8 Kf8 48. Ne6+ Ke7 49. Rc7+ Rxc7 50. Nxc7 Bc6 51. a4 Kd7 52. a5 Kc8 53. a6 Kb8 54. e5 1-0

[Event "ESP Autonomico-chT"]
[Site "Spain"]
[Date "2006.02.04"]
[Round "1.59"]
[White "Gimeno, Alberto"]
[Black "Forcen Esteban, Daniel"]
[Result "1-0"]
[WhiteElo "1937"]
[BlackElo "1954"]
[PlyCount "97"]
[EventDate "2006.02.04"]
[EventType "team"]
[EventRounds "9"]
[EventCountry "ESP"]
[SourceTitle "EXT 2007"]
[Source "ChessBase"]
[SourceDate "2006.11.23"]
[SourceVersion "1"]
[SourceVersionDate "2006.11.23"]
[SourceQuality "1"]

1. d4 Nf6 2. Nf3 g6 3. c4 Bg7 4. Nc3 0-0 5. g3 d6 6. Bg2 Nbd7 7. 0-0 e5 8. e4 Ne8 9. Bg5 f6 10. Be3 f5 11. exf5 gxf5 12. Ng5 Ndf6 13. dxe5 Ne4 14. Qd5+ Kh8 15. Ncxe4 fxe4 16. Nf7+ Rxf7 17. Qxf7 dxe5 18. Bxe4 Nd6 19. Qd5 Qe8 20. Qd3 Qh5 21. c5 Nf7 22. f4 Bg4 23. Rf2 Rd8 24. Qf1 exf4 25. Rxf4 Ng5 26. Bg2 Ne6 27. Rf7 Kg8 28. Bf3 Qxf7 29. Bxg4 Qxf1+ 30. Rxf1 Re8 31. b3 Nd8 32. Bf2 Nc6 33. Rd1 Ne5 34. Bh5 Rf8 35. Kg2 Nc6 36. Rd7 Be5 37. Be3 Nb8 38. Rd5 Nc6 39. Bh6 Rf6 40. Bg5 Rf8 41. Bg4 Re8 42. Bd7 Rf8 43. Bxc6 bxc6 44. Rxe5 a5 45. Bd2 Ra8 46. Re7 Ra7 47. Bh6 a4 48. b4 Rb7 49. a3 1-0